Informe pronunciado en 2 de junio 1890 / (Record no. 152786)
[ view plain ]
| 000 -LEADER | |
|---|---|
| campo de control de longitud fija | 00951nam a22002055i 4500 |
| 001 - NÚMERO DE CONTROL | |
| campo de control | 152786 |
| 003 - IDENTIFICADOR DE NÚMERO DE CONTROL | |
| campo de control | ES-MaACL |
| 005 - FECHA Y HORA DE LA ÚLTIMA TRANSACCIÓN | |
| campo de control | 20250901102124.0 |
| 008 - DATOS DE LONGITUD FIJA--INFORMACIÓN GENERAL | |
| campo de control de longitud fija | 051018s1891 sp | |||||||| ||spa d |
| 040 ## - FUENTE DE CATALOGACIÓN | |
| Centro catalogador/agencia de origen | CAM |
| Lengua de catalogación | spa |
| Centro/agencia transcriptor | CAM |
| 100 1# - ENTRADA PRINCIPAL--NOMBRE DE PERSONA | |
| Nombre de persona | Brunet, Avelino. |
| 9 (RLIN) | 32156 |
| 245 10 - MENCIÓN DEL TÍTULO | |
| Título | Informe pronunciado en 2 de junio 1890 / |
| Mención de responsabilidad, etc. | por Avelino Brunet y Alsina, representando la Cámara de Comercio de Tarrasa ante la Comisión Oficial nombrada para el estudio de la reforma arancelaria y de los tratados de comercio. |
| 260 ## - PUBLICACIÓN, DISTRIBUCIÓN, ETC. | |
| Lugar de publicación, distribución, etc. | Barcelona : |
| Nombre del editor, distribuidor, etc. | [s.n.], |
| Fecha de publicación, distribución, etc. | 1891 ( |
| Fabricante | Tip. "La Academia" de la viuda é hijos de E. Ullastres y Cª) |
| 300 ## - DESCRIPCIÓN FÍSICA | |
| Extensión | 22 cm ; |
| Dimensiones | 24 cm. |
| 650 #7 - PUNTO DE ACCESO ADICIONAL DE MATERIA--TÉRMINO DE MATERIA | |
| Término de materia o nombre geográfico como elemento de entrada | Comercio |
| Fuente del encabezamiento o término | embne |
| 9 (RLIN) | 11157 |
| 650 #7 - PUNTO DE ACCESO ADICIONAL DE MATERIA--TÉRMINO DE MATERIA | |
| Término de materia o nombre geográfico como elemento de entrada | Aranceles de aduanas |
| Fuente del encabezamiento o término | embne |
| 9 (RLIN) | 135594 |
| 710 2# - ENTRADA AGREGADA--NOMBRE DE ENTIDAD CORPORATIVA | |
| Nombre de entidad corporativa o nombre de jurisdicción como elemento de entrada | Cámara Oficial de Comercio e Industria de Tarrasa |
| 9 (RLIN) | 134319 |
| 852 ## - LOCALIZACIÓN | |
| Ubicación | ES-MaACL |
| Número de control de estantería | T-540-F-8 |
| Nota libre | -- Enc. hol. conservando la cub. original |
| -- | -- Donativo del autor |
| Estatus retirado | Estado de pérdida | Estado de daño | No para préstamo | Colección | Biblioteca de origen | Biblioteca actual | Ubicación en estantería | Fecha de adquisición | Total de préstamos | Signatura topográfica completa | Código de barras | Visto por última vez | Precio de reemplazo | Tipo de ítem Koha |
|---|---|---|---|---|---|---|---|---|---|---|---|---|---|---|
| Colección de folletos | Biblioteca del Ateneo de Madrid | Biblioteca del Ateneo de Madrid | Depósito folletos | 17/01/2008 | T-540-F-8 | 1159569 | 23/02/2023 | 23/02/2023 | Folleto |
